| 000 | 01160cam a2200325 i 4500 | ||
|---|---|---|---|
| 001 | 016019820 | ||
| 003 | EG-ScBUE | ||
| 005 | 20240528111603.0 | ||
| 008 | 120124t2010 njua f b 001 0 eng d | ||
| 020 | _a9780691154411 (pbk.) | ||
| 040 |
_aStDuBDS _beng _erda _cStDuBDS _dEG-ScBUE |
||
| 043 | _aa-af--- | ||
| 082 | 0 | 4 |
_a958.1 _bBAR _222 |
| 100 | 1 |
_aBarfield, Thomas J. _q(Thomas Jefferson), _d1950- _eauthor. _938412 |
|
| 245 | 1 | 0 |
_aAfghanistan : _ba cultural and political history / _cThomas Barfield. |
| 264 | 1 |
_aNew Jersey ; _aWoodstock : _bPrinceton University Press, _c[2010] |
|
| 264 | 4 | _cc2010 | |
| 300 |
_axi, 389 pages : _billustrations ; _c23 cm. |
||
| 336 |
_2rdacontent _atext _btxt |
||
| 337 |
_aunmediated _2rdamedia _bn |
||
| 338 |
_avolume _bnc _2rdacarrier |
||
| 490 | 0 | _aPrinceton studies in Muslim politics | |
| 504 | _aIncludes bibliographical references and index. | ||
| 651 | 7 |
_aAfghanistan _xPolitics and government. _2BUEsh _924359 |
|
| 651 | 7 |
_aAfghanistan _xHistory. _2BUEsh _931563 |
|
| 651 | 7 |
_aAfghanistan _xSocial conditions. _2BUEsh |
|
| 653 |
_bBUSBOL _cAugust2015 _cSeptember2015 |
||
| 655 | _vReading book | ||
| 942 |
_2ddc _cBB |
||
| 999 |
_c20470 _d20442 |
||